000 009490000a22001690004500
020 _a84-7151-780-9
041 0 _aSPA
082 0 4 _aG 224.06 S567q
100 1 _aSicre Díaz, José Luis (1940-)
245 1 0 _aEl profetismo en Israel : El profeta, los profetas, el mensaje / José L. Sicre
260 _aEstella, Navarra : Verbo Divino
300 _a572 Pag
505 0 0 _aAdivinación y profecía -- Dios y el profeta: medios de comunicación, vocación y crisis -- El profeta y la sociedad -- Los medios de transmisión del mensaje: la palabra, las acciones simbólicas, la palabra escrita y los libros -- Antecedentes de la profesía bíblica -- Actualidad de la idolatría -- La lucha por la justicia -- Los profetas y el culto -- Visión profética de la historia -- El imperialismo -- La monarquía y el mesianismo
650 1 4 _aPROFETAS \ PROFECIAS BIBLICAS \ PROFECIA (CRISTIANISMO) \ BIBLIA A.T. - PROFETAS
001 4514
942 _cBK
999 _c35104
_d35104